Language and learning

I tiakina i:
Ngā taipitopito rārangi puna kōrero
Kaituhi matua: Britton, James (Author)
Hōputu: Pukapuka
Reo:Ingarihi
I whakaputaina: Londres Penguin Books 1972
Rangatū:Education, Language y Linguistics, 1456
Ngā marau:
Ngā Tūtohu: Tāpirihia he Tūtohu
Kāore He Tūtohu, Me noho koe te mea tuatahi ki te tūtohu i tēnei pūkete!

MARC

LEADER 00000nam a2200000 a 4500
001 UCI2053
003 CL-VaPUC
008 070803e19720000UK |||||||||||||||||eng|d
020 |a 0140214569 
082 0 4 |a 155.413  |b BRI  |2 21 
100 0 |a Britton, James  |e author  |9 522896 
245 1 0 |a Language and learning 
300 |a 297 p 
942 |c BK 
945 |d 20070803 00:00:00  |a rbrito 
260 |a Londres  |b Penguin Books  |c 1972 
650 0 |a Lenguaje infantil   |9 314705 
650 0 |a Aprendizaje   |9 254827 
650 0 |a Psicolingüística   |9 283371 
650 7 |a HABLA  |2 CL-VaPUC  |9 311668 
650 0 |a Desarrollo mental   |9 313003 
650 0 |a Psicología del niño  |9 307305 
583 |a last modification  |c 20130107 12:33:47  |k Rodrigo Vera 
490 0 |a Education, Language y Linguistics, 1456 
999 |c 326700  |d 326698 
952 |0 0  |1 0  |4 0  |6 155_413000000000000_BRI_1972  |7 0  |8 A  |9 408803  |a FDOPOS  |b FDOPOS  |d 2019-11-22  |i 4361121  |o 155.413 BRI 1972  |p 4361121  |r 2025-01-22  |w 2019-11-22  |y BK  |k MLA